01253nam a22001577a 4500008004100000020001500041100001500056245006100071260003200132300002100164500001900185505076300204942001200967999001600979952010000995140917b xxu||||| |||| 00| 0 eng d a1854316281 aArora, Anu aPractical banking and building society law. /cAnu Arora aLondon:bBlackstone,c1997. axl, 430p.c22cm. aIncludes index aContent: The City of London as a financial centre -- What is a bank or bulding society? -- Regulation of the banking sector -- Regulation of building societies -- Banking and the single European market -- Customers -- The Bank account -- Creation of the banker and customer relationship -- Termination of the banker and customer relationship -- Negotiable instruments and the cheque as a bill of exchange -- Rights and liabilities of the parties to exchange -- Cheques on a banker and the protection of the paying and collecting banks -- Payment by plastic card -- Credit transfers and direct debits -- Remedies to recover money -- Bank finance -- Bankers' securities -- Recovery of bank advances -- Mortgage finance by building societies for house purchase. 2lcccBK c4939d12439 00102lcc4070aWIUC-1bWIUC-1cLLd2014-09-17l0p185/13r2014-09-17 00:00:00w2014-09-17yBK